00614nam a2200181Ia 4500008004100000020001700041040001400058082002200072100004400094245002300138260004700161300001200208365002800220366000800248620013000256630002300386730002300409100315s9999 xx 000 0 und d a0074622536  cENGLISH  b3922 a657.046  a"Mukherjee, Amitabha, Hanif, Mohammad " aMODERN ACCOUNTANCY aNew Delhi bTata McGraw - Hill  c1995  a1013   eRupees d1 b260.00  f0  a"Company Final Accounts,Profit or Loss Prior To Incorporation, Branch Accounting, Royalty Accounts, Hire Purchase Accounts " aMODERN ACCOUNTANCY aMODERN ACCOUNTANCY